|
|
|
|
| LEADER |
00640cam a2200157 7i4500 |
| 001 |
0000028320 |
| 005 |
20120925090000.0 |
| 090 |
0 |
0 |
|a MAT 310.9
|b MAL
|
| 110 |
2 |
0 |
|a Malaysia External Trade Development Corporation (MATRADE)
|
| 245 |
2 |
0 |
|a Facts and figures on MIHAS, the Malaysia Halal Week 2012 & Halal Industry :
|b 9th International halal showcase.
|
| 260 |
0 |
0 |
|a Kuala Lumpur:
|b MATRADE,
|c 2012.
|
| 300 |
# |
# |
|a 95 p.
|
| 650 |
0 |
0 |
|a Halal --
|x Exhibitions --
|x Directories --
|z Malaysia
|
| 650 |
0 |
0 |
|a MIHAS --
|x Exhibitions --
|x Statistics --
|z Malaysia
|
| 651 |
0 |
0 |
|a Malaysia
|
| 999 |
|
|
|a 0000030841
|b Directories
|c MATRADEs Collection
|e Business Information Centre
|